UBT Library

Programmable logic controllers / (Record no. 40016)

000 -LEADER
fixed length control field 00899cam a22002894a 4500
001 - CONTROL NUMBER
control field 15323849
005 - DATE AND TIME OF LATEST TRANSACTION
control field 20180110075421.0
008 - FIXED-LENGTH DATA ELEMENTS--GENERAL INFORMATION
fixed length control field 080610s2009 njua b 001 0 eng
010 ## - LIBRARY OF CONGRESS CONTROL NUMBER
LC control number 2008025785
015 ## - NATIONAL BIBLIOGRAPHY NUMBER
National bibliography number GBA882509
Source bnb
016 7# - NATIONAL BIBLIOGRAPHIC AGENCY CONTROL NUMBER
Record control number 014656199
Source Uk
020 ## - INTERNATIONAL STANDARD BOOK NUMBER
International Standard Book Number 9780135048818
020 ## - INTERNATIONAL STANDARD BOOK NUMBER
International Standard Book Number 0135048818
035 ## - SYSTEM CONTROL NUMBER
System control number (OCoLC)ocn216941260
035 ## - SYSTEM CONTROL NUMBER
System control number (OCoLC)216941260
040 ## - CATALOGING SOURCE
Original cataloging agency DLC
Transcribing agency DLC
Modifying agency BTCTA
-- BAKER
-- UKM
-- YDXCP
-- C#P
-- BWX
-- DLC
041 ## - LANGUAGE CODE
Language code of text/sound track or separate title eng
080 ## - UNIVERSAL DECIMAL CLASSIFICATION NUMBER
Universal Decimal Classification number 629.89 REH
082 00 - DEWEY DECIMAL CLASSIFICATION NUMBER
Classification number 629.89 REH
Edition number 22
100 1# - Rafti
Rafti 54
101 ## - Shkurtesa
Shkurtesa MO
245 10 - TITLE STATEMENT
Title Programmable logic controllers /
Statement of responsibility, etc James A. Rehg, Glenn J. Sartori.
504 ## - BIBLIOGRAPHY, ETC. NOTE
Bibliography, etc Includes bibliographical references and index.
906 ## - LOCAL DATA ELEMENT F, LDF (RLIN)
a 7
b cbc
c orignew
d 1
e ecip
f 20
g y-gencatlg
942 ## - ADDED ENTRY ELEMENTS (KOHA)
Source of classification or shelving scheme
Item type Books
Holdings
Withdrawn status Lost status Source of classification or shelving scheme Damaged status Not for loan Collection code Permanent location Current location Shelving location Date acquired Total Checkouts Full call number Barcode Date last seen Price effective from Koha item type
          Koleksioni i përgjithshem UBT - Lipjan UBT - Lipjan Koleksioni i përgjithshem 01/10/2018   629.89 REH 002-2995050 01/10/2018 01/10/2018 Books
UBT Library © 2015-2024. All rights reserved University Education for Business and Technology